ARRUPE JESUIT UNIVERSITY

CORONAVIRUS -STOP THE SPREAD - CLEAN,DISINFECT,COVER

The explorations in the new monetary economics; (Record no. 131831)

MARC details
000 -LEADER
fixed length control field 00458nam a22001577a 4500
008 - FIXED-LENGTH DATA ELEMENTS--GENERAL INFORMATION
fixed length control field 240306b |||||||| |||| 00| 0 eng d
020 ## - INTERNATIONAL STANDARD BOOK NUMBER
International Standard Book Number 1557860718
050 ## - LIBRARY OF CONGRESS CALL NUMBER
Classification number HG221.3.C65 1994.
100 ## - MAIN ENTRY--PERSONAL NAME
Personal name Cowen Tyler.
9 (RLIN) 52539
245 ## - TITLE STATEMENT
Title The explorations in the new monetary economics;
Statement of responsibility, etc Tyler Cowen.
260 ## - PUBLICATION, DISTRIBUTION, ETC. (IMPRINT)
Place of publication, distribution, etc USA;
Name of publisher, distributor, etc Blackwell
Date of publication, distribution, etc 1994
300 ## - PHYSICAL DESCRIPTION
Extent vii;
Other physical details 200p,
Dimensions 24cm.
650 ## - SUBJECT ADDED ENTRY--TOPICAL TERM
Form subdivision Money,
9 (RLIN) 48497
650 ## - SUBJECT ADDED ENTRY--TOPICAL TERM
Form subdivision monetary policy
9 (RLIN) 41232
942 ## - ADDED ENTRY ELEMENTS (KOHA)
Source of classification or shelving scheme Library of Congress Classification
Item type Monograph ( Printed materials)
Holdings
Withdrawn status Lost status Source of classification or shelving scheme Damaged status Not for loan Home library Current library Date acquired Total Checkouts Full call number Barcode Date last seen Price effective from Koha item type
    Library of Congress Classification     ARRUPE LIBRARY ARRUPE LIBRARY 06/03/2024   HG221.3.C65 1994. 46600009177 06/03/2024 06/03/2024 Monograph ( Printed materials)

 

Arrupe Library. PO Box MP320 Mt Pleasant, Harare, Zimbabwe
263 242 745411|librarian@aju.ac.zw